000
00213nam a22000857a 4500
008
170301b xxu||||| |||| 00| 0 eng d
100
_9
2976
_a
Penguin
245
_a
Spelling Dictionary
260
_a
New Delhi
_b
Penguin
_c
2001
999
_c
6221
_d
6221